| 000 | 00471 a2200157 4500 | ||
|---|---|---|---|
| 999 |
_c2840 _d2840 |
||
| 020 | _a9788131206546 | ||
| 050 | _aHF 5549 MAR 2006 | ||
| 100 |
_aMartin, Graeme _eauthor |
||
| 245 |
_aManaging people and organizations in changing contexts / _cGRAEME MARTIN |
||
| 264 |
_aNew Dehli : _bElsevier, _c2016 |
||
| 300 |
_axii. 424p . : _bill. |
||
| 440 | _aProfessional and trade series. | ||
| 500 | _aincludes indexes | ||
| 650 | _aManagement | ||
| 942 |
_2lcc _cBK _h5549 _iMAR _kHF |
||